Zawodnicy GKM Grudziądz (żużel) w latach 2011-2024 - Statystyki

Ogólne statystyki
  • Ten quiz został rozwiązany 167 razy
    165 od ostatniego zresetowania
  • Średni wynik to 30 z 74
Statystyki odpowiedzi
Podpowiedź Odpowiedź % Poprawnych
Rosja 2015-2020 Artiom Łaguta
94%
Dania 2020-2023 Nicki Pedersen
91%
Australia 2023-2024 Max Fricke
90%
Polska 2015-2016 Tomasz Gollob
87%
Polska 2020, 2022-2024 Kacper Łobodziński
86%
Polska 2024 Kevin Małkiewicz
86%
Polska 2018-2022 Przemysław Pawlicki
85%
Polska 2011, 2015-2020 Krzysztof Buczkowski
81%
Australia 2024 Jaimon Lidsey
80%
Polska 2023-2024 Vadim Tarasenko
77%
Szwecja 2016-2019 Antonio Lindbaeck
75%
Polska 2022-2024 Kacper Pludra
74%
Dania 2019-2021 Kenneth Bjerre
73%
Dania 2024 Michael Jepsen Jensen
73%
Australia 2024 Jason Doyle
71%
Polska 2021-2022 Krzysztof Kasprzak
69%
Chorwacja 2015 Jurica Pavlic
67%
Dania 2022-2023 Frederik Jakobsen
63%
Niemcy 2017-2018 Kai Huckenbeck
63%
Polska 2014-2017 Rafał Okoniewski
61%
Polska 2023 Gleb Czugunow
54%
Rosja 2019-2021 Roman Lachbaum
54%
Ukraina 2012-2014 Andrij Karpow
51%
Polska 2014-2015 Daniel Jeleniewski
49%
Polska 2014-2016 Marcin Nowak
49%
Wielka Brytania 2013 Chris Harris
48%
Polska 2021-2023 Norbert Krakowiak
48%
Polska 2019 Patryk Rolnicki
46%
Czechy 2013-2014 Ales Dryml
44%
Polska 2017-2019 Kamil Wieczorek
44%
Polska 2017-2018, 2020 Krystian Pieszczek
44%
Polska 2019-2020 Marcin Turowski
44%
Polska 2014-2017 Mike Trzensiok
43%
Dania 2012 Hans Andersen
42%
Polska 2017-2018 Dawid Wawrzyniak
38%
Szwecja 2012, 2016 Peter Ljung
38%
Australia 2011-2012 Davey Watt
36%
Polska 2020-2021 Denis Zieliński
36%
Polska 2020 Tobiasz Musielak
35%
Polska 2023 Mateusz Szczepaniak
34%
2017-2018, 2020 Damian Lotarski
33%
Polska 2012-2017 Mateusz Rujner
33%
Polska 2021 Paweł Miesiąc
31%
Polska 2021 Mateusz Bartkowiak
30%
Polska 2011, 2013 Tomasz Chrzanowski
29%
Polska 2021 Seweryn Orgacki
28%
Dania 2022 Emil Breum
27%
Rosja 2011 Andriej Kudriaszow
26%
Wielka Brytania 2013 Scott Nicholls
26%
Wielka Brytania 2011 Oliver Allen
25%
Polska 2022-2023 Wiktor Rafalski
25%
Polska 2014 Sebastian Ułamek
24%
Polska 2013 Oskar Fajfer
22%
Polska 2013 Kevin Woelbert
21%
Polska 2012-2013 Łukasz Cyran
20%
Polska 2012-2014 Norbert Kościuch
20%
Polska 2013, 2015 Hubert Łęgowik
19%
USA 2011 Ryan Fisher
18%
Szwecja 2014 Daniel Nermark
17%
Szwecja 2011-2012 David Ruud
17%
Polska 2021 Miłosz Wysocki
17%
Polska 2014 Oskar Bober
14%
Polska 2012 Paweł Staszek
14%
Polska 2012-2013 Łukasz Przedpełski
13%
Dania 2011 Patrick Hougaard
13%
Wielka Brytania 2011 Daniel King
11%
Polska 2011 Mateusz Lampkowski
11%
Polska 2013 Adrian Cyfer
8%
Polska 2012 Adrian Osmólski
8%
Polska 2011 Kamil Brzozowski
8%
Polska 2011, 2013-2014 Patryk Dolny
6%
Polska 2012 Karol Jóźwik
3%
Polska 2011 Mikołaj Drożdżowski
3%
Polska 2013 Denis Niedzielski
2%
Nie znaleziono quizów pasujących do podanych kryteriów
Rozkład punktacji
Procent ludzi z każdym wynikiem
Percentyl według liczby udzielonych odpowiedzi
Twoja historia wyników
Nie rozwiązałeś tego quizu od ostatniego zresetowania